| 000 | 01099cam a22003255a 4500 | ||
|---|---|---|---|
| 001 | 013311140 | ||
| 003 | OSt | ||
| 005 | 20240818093006.0 | ||
| 008 | 050624t2006 gw a frb 001 0 eng d | ||
| 020 | _a9783527311675 (pbk.) | ||
| 020 | _a352731167X (pbk.) | ||
| 040 |
_aStDuBDS _beng _cStDuBDS _dEG-ScBUE |
||
| 082 | 0 | 4 |
_a572.633 _222 _bTAM |
| 100 | 1 |
_aTramontano, Anna. _939471 |
|
| 245 | 1 | 0 |
_aProtein structure prediction : _bconcepts and applications / _cAnna Tramontano. |
| 260 |
_aWeinheim : _bWiley-VCH ; _a[Chichester : _bJohn Wiley, distributor], _cc.2006. |
||
| 300 |
_axix, 205 p. : _bill. ; _c24 cm. |
||
| 500 | _aIndex : p. 201-205. | ||
| 504 | _aIncludes bibliographical references. | ||
| 650 | 0 |
_aProteins _xStructure. _2BUEsh |
|
| 650 | 0 |
_aProteins _xConformation. _2BUEsh |
|
| 650 | 0 |
_aProteins _xStructure _xComputer simulation. _2BUEsh |
|
| 650 | 7 |
_aBioinformatics. _2BUEsh _95545 |
|
| 651 | _2BUEsh | ||
| 653 |
_bPPhrm _cMarch2016 |
||
| 942 |
_2ddc _hRDA-MOD |
||
| 999 |
_c21293 _d21265 |
||
| 336 |
_2rdacontent _atext _btxt |
||
| 337 |
_aunmediated _2rdamedia _bn |
||
| 338 |
_avolume _bnc _2rdacarrier |
||